00610nam a22001695i 4500001000700000003000900007005001700016008004100033100001800074245007200092260006200164300003600226490005200262650003600314830005200350852003800402167911ES-MaACL20230906213625.0000412s1898 fr a |||| | fre d1 aWéry, Paul.10aAssainissement des villes et égouts de Paris / cpar Paul Wéry. aParis : bCh. Dunod, c1898 (eTours : fDeslis Frères) aVIII, 663 p. : bil. ; c19 cm.1 aBibliothèque du conducteur de travaux publics 4aSalubridad pública-zFrancia.1 aBibliothèque du conducteur de travaux publics aES-MaACLjF-2074 z- Enc. piel